000 01352cam a2200217 4500
001 ABS64920
008 020114n2001 000 0 eng u
035 _a(Sirsi) u116273
245 _aAran Caterers Ltd v Stepien Lake Gilbert & Paling
260 _c2001
490 _aEstates Gazette
_v[2001] 01 EG 76, 76-82(7)
520 _aChD 26 June 2001. Claimant (A) granted lease of term of shop premises proctected by the Landlord and Tenant Act 1954 Part II. A used the premises for the business of making sandwiches for sale in the shop. The landlord (S) served a notice on A and a counternotice was served in June 1997. S failed to make an originating application seeking the grant of a new tenancy. A then entered into a lease of the premises until June 2006, but because of uncertainty of security of tenure acquired a long leasehold interest but at a less favourable position and was seeking damages against S. Damages of £315,000 were awarded; the judge agreed it was very difficult to reach a decision on the exact value.
650 _aARAN CATERS LTD V STEPIEN LAKE GILBERT AND PALING
650 _aLANDLORD AND TENANT ACT 1954 PART II
650 _aSOLICITORS
650 _aASSESSMENT OF DAMAGES
650 _aPREMISES
650 _aAPPROPRIATE MULTIPLER
690 _aLANDLORD AND TENANT-BUSINESS TENANCIES-CASE LAW
942 _n0
999 _c69261
_d69261